Sports Quiz

Random Sports or WWE Quiz
Score 0/50 Timer 10:00
1 Play Today
Ranking Tag Team % Correct
#33Rated RKO
93.9%
#1Edge and Christian
92.8%
#5The Hardy Boyz
92.4%
#10The Dudley Boyz
90.1%
#15D-Generation X
89.1%
#8Legion Of Doom
88.5%
#32The Brothers Of Destruction
88.2%
#31The Rock 'N' Sock Connection
86.7%
#2The Hart Foundation
86.3%
#11The Rockers
83.9%
#4The New Age Outlaws
80.2%
#23Kane and Xpac
77.4%
#3Demolition
76.8%
#39Jeri-Show
76.2%
#49The Mega Powers
74.6%
#12The APA
66.5%
#18Money, Inc.
65%
#17John Morrison and The Miz
62.1%
#6The British Bulldogs
61.9%
#19The Smoking Guns
61%
#27Los Guerreros
60.9%
#40Billy and Chuck
60.1%
#25Colossal Connection
55.5%
#46The Headshrinkers
55.1%
#28The Brain Busters
53.5%
Ranking Tag Team % Correct
#43Booker T and Goldust
53.4%
#24The Legacy
52.6%
#41The Steiners
52.6%
#21The Natural Disasters
52.1%
#14Strike Force
50.3%
#34MNM
49.4%
#29The Worlds Greatest Tag Team
48%
#9The Wild Samoans
43.7%
#30Too Cool
43.6%
#44The Moondogs
42.7%
#35The Foreign Legion
42%
#20The Nasty Boys
41.4%
#45The Twin Towers
40.8%
#50The Bushwackers
39.3%
#37The Powers Of Pain
36%
#47Paul London and Brian Kendrick
34.3%
#26U.S Express
33%
#48The Soul Patrol
32.8%
#42The Killer Bees
31.6%
#38The Bodydonnas
26.4%
#22The Quebecers
25.2%
#13The Blackjacks
22.7%
#7The Valiant Brothers
22.5%
#16Mr Fuji and Professor Toru Tanaka
14.6%
#36Team Laycool
10.6%
Remove Ads.
Support Sporcle.
Get the best of Sporcle when you Go Orange. This ad-free experience offers more features, more stats, and more fun while also helping to support Sporcle. Thank you for becoming a member.

You're not logged in!

Compare scores with friends on all Sporcle quizzes.
OR
Log In

Show Comments

Extras

Top Quizzes Today


Score Distribution

Your Account Isn't Verified!

In order to create a playlist on Sporcle, you need to verify the email address you used during registration. Go to your Sporcle Settings to finish the process.

Report this User

Report this user for behavior that violates our Community Guidelines.

Details: